Senators 115th Congress - Statistics

General Stats
  • This quiz has been taken 1,840 times
    1,066 since last reset
  • The average score is 50 of 100
Answer Stats
Hint Answer % Correct
Vermont (I) Bernie Sanders
84%
California (D) Kamala Harris
83%
Florida (R) Marco Rubio
81%
Texas (R) Ted Cruz
80%
Kentucky (R) Mitch McConnell
78%
California (D) Dianne Feinstein
77%
Massachusetts (D) Elizabeth Warren
77%
New York (D) Chuck Schumer
76%
Alabama (D) Doug Jones
76%
Arizona (R) John McCain
76%
New Jersey (D) Cory Booker
72%
Alaska (R) Lisa Murkowski
71%
Kentucky (R) Rand Paul
71%
Maine (R) Susan Collins
71%
Arizona (R) Jeff Flake
68%
New York (D) Kirsten Gillibrand
68%
Maine (I) Angus King
66%
South Carolina (R) Lindsey Graham
65%
Illinois (D) Tammy Duckworth
63%
Minnesota (D) Tina Smith
63%
Arkansas (R) Tom Cotton
62%
Louisiana (R) John Neely Kennedy
61%
Virginia (D) Tim Kaine
61%
Ohio (D) Sherrod Brown
60%
Iowa (R) Chuck Grassley
59%
Illinois (D) Dick Durbin
58%
West Virginia (D) Joe Manchin
58%
Florida (D) Bill Nelson
57%
South Carolina (R) Tim Scott
57%
Minnesota (D) Amy Klobuchar
56%
Utah (R) Orrin Hatch
56%
New Jersey (D) Bob Menendez
55%
Hawaii (D) Mazie Hirono
55%
Wisconsin (R) Ron Johnson
55%
Texas (R) John Cornyn
54%
Connecticut (D) Chris Murphy
53%
Colorado (R) Cory Gardner
53%
Montana (D) Jon Tester
53%
Alabama (R) Richard Shelby
53%
Delaware (D) Chris Coons
52%
Missouri (D) Claire McCaskill
52%
Iowa (R) Joni Ernst
51%
Connecticut (D) Richard Blumenthal
51%
Utah (R) Mike Lee
50%
Rhode Island (D) Sheldon Whitehouse
50%
North Dakota (D) Heidi Heitkamp
49%
Colorado (D) Michael Bennet
49%
Nebraska (R) Ben Sasse
48%
Vermont (D) Patrick Leahy
48%
Michigan (D) Debbie Stabenow
47%
Wisconsin (D) Tammy Baldwin
47%
Nevada (R) Dean Heller
46%
Tennessee (R) Bob Corker
45%
Alaska (R) Dan Sullivan
45%
Massachusetts (D) Ed Markey
45%
Indiana (D) Joe Donnelly
45%
Pennsylvania (R) Pat Toomey
45%
Ohio (R) Rob Portman
45%
Hawaii (D) Brian Schatz
44%
Georgia (R) David Perdue
43%
Virginia (D) Mark Warner
43%
Idaho (R) Mike Crapo
43%
Pennsylvania (D) Bob Casey Jr
42%
North Carolina (R) Thom Tillis
42%
Georgia (R) Johnny Isakson
41%
West Virginia (R) Shelley Moore Capito
41%
Nevada (D) Catherine Cortez Masto
40%
New Hampshire (D) Jeanne Shaheen
40%
Oregon (D) Jeff Merkley
40%
Tennessee (R) Lamar Alexander
40%
New Hampshire (D) Maggie Hassan
40%
Washington (D) Patty Murray
40%
Missouri (R) Roy Blunt
40%
Louisiana (R) Bill Cassidy
39%
Michigan (D) Gary Peters
39%
North Carolina (R) Richard Burr
39%
Arkansas (R) John Boozman
38%
Oregon (D) Ron Wyden
38%
Indiana (R) Todd Young
38%
Maryland (D) Ben Cardin
37%
Maryland (D) Chris Van Hollen
37%
Nebraska (R) Deb Fischer
37%
South Dakota (R) John Thune
37%
Delaware (D) Tom Carper
37%
Kansas (R) Pat Roberts
36%
Montana (R) Steve Daines
36%
New Mexico (D) Tom Udall
36%
Oklahoma (R) Jim Inhofe
35%
Washington (D) Maria Cantwell
35%
New Mexico (D) Martin Heinrich
35%
Mississippi (R) Roger Wicker
35%
Rhode Island (D) Jack Reed
33%
Oklahoma (R) James Lankford
33%
Kansas (R) Jerry Moran
33%
Idaho (R) Jim Risch
33%
Mississippi (R) Thad Cochran
33%
Wyoming (R) Mike Enzi
32%
Wyoming (R) John Barrasso
30%
South Dakota (R) Mike Rounds
28%
North Dakota (R) John Hoeven
27%
No matching quizzes found
Score Distribution
Percent of People with Each Score
Percentile by Number Answered
Your Score History
You have not taken this quiz since the last reset